|
|
|
|
| LEADER |
01124nam a2200277 a 4500 |
| 001 |
4945310 |
| 008 |
100208s1997 dcua b i000 0 eng d |
| 010 |
|
|
|a 96034492
|
| 020 |
|
|
|a 0821337378 (pbk.)
|
| 040 |
|
|
|a DLC
|c DLC
|d DLC
|d DB-DhAAL
|
| 082 |
0 |
0 |
|a 332.7/1
|2 20
|
| 100 |
1 |
|
|a Yaron, Jacob.
|
| 245 |
1 |
0 |
|a Rural finance :
|b issues, design, and best practices /
|c Jacob Yaron, McDonald P. Benjamin, Jr., Gerda L. Piprek.
|
| 246 |
1 |
|
|i At head of title:
|a Rural development
|
| 260 |
|
|
|a Washington, D.C. :
|b World Bank,
|c c1997.
|
| 300 |
|
|
|a xii, 154 p. :
|b ill. ;
|c 28 cm.
|
| 490 |
0 |
|
|a Environmentally and socially sustainable development studies and monographs series ;
|v 14
|
| 504 |
|
|
|a Includes bibliographical references (p. 149-154).
|
| 541 |
1 |
|
|e 00007145
|
| 650 |
|
0 |
|a Rural credit.
|
| 650 |
|
0 |
|a Agricultural credit.
|
| 700 |
1 |
|
|a Benjamin, McDonald P.
|
| 700 |
1 |
|
|a Piprek, Gerda L.,
|d 1962-
|
| 852 |
4 |
|
|a Ayesha Abed Library
|j General Shelf.
|
| 999 |
|
|
|c 7386
|d 7386
|
| 952 |
|
|
|0 0
|1 0
|2 ddc
|4 0
|6 332_710000000000000_YAR_1997
|7 0
|9 7896
|a BRACUL
|b BRACUL
|c GEN
|d 2010-02-09
|l 0
|o 332.71 YAR
|p 3010007145
|r 2010-02-09
|t 1
|w 2010-02-09
|y BK
|